Crónicas cínicas: poesía
Сохранить в:
| Главный автор: | |
|---|---|
| Формат: | |
| Язык: | испанский |
| Опубликовано: |
Mendoza
Luna Roja
2014
|
| Редактирование: | 1a. ed |
| Серии: | Literatura Mendocina Contemporánea
|
| Предметы: | |
| Метки: |
Добавить метку
Нет меток, Требуется 1-ая метка записи!
|
MARC
| LEADER | 00000cam a2200000 a 4500 | ||
|---|---|---|---|
| 001 | UCD0790 | ||
| 003 | CL-VaPUC | ||
| 008 | 151218e20140000ag |||||||||||||||||spa|d | ||
| 020 | |a 9789872649524 | ||
| 082 | 0 | 4 | |a Ar861 |b SAL |2 21 |
| 100 | 0 | |a Salas Astorga, Dionisio |e author |9 583814 | |
| 245 | 1 | 0 | |a Crónicas cínicas: poesía |
| 250 | |a 1a. ed | ||
| 300 | |a 145 p | ||
| 942 | |c BK | ||
| 945 | |d 20151218 14:15:00 |a dcastane | ||
| 260 | |a Mendoza |b Luna Roja |c 2014 | ||
| 650 | 0 | |a Poesía argentina |9 265575 | |
| 650 | 0 | |a Literatura argentina |9 320596 | |
| 583 | |a last modification |c 20151218 14:15:00 |k Rodrigo Vera | ||
| 490 | 0 | |a Literatura Mendocina Contemporánea | |
| 999 | |c 362239 |d 362237 | ||
| 952 | |0 0 |1 0 |3 erb |4 0 |6 AR_861_000000000000000_SAL_2014 |7 0 |8 A |9 473245 |a BIBEDU |b BIBEDU |i 5257786 |o Ar861 SAL 2014 |p 5257786 |r 2019-11-24 |w 2019-11-24 |y BK |z Catalogado en:20151218 |k LIT | ||